<?xml version="1.0" encoding="UTF-8"?>
<collection xmlns="http://www.loc.gov/MARC21/slim">
 <record>
  <leader>01149nam a2200229 a 4500</leader>
  <controlfield tag="001">3793234</controlfield>
  <controlfield tag="008">091229s1995    bg a     b    000 0 eng d</controlfield>
  <datafield tag="999" ind1=" " ind2=" ">
   <subfield code="c">6507</subfield>
   <subfield code="d">6507</subfield>
  </datafield>
  <datafield tag="010" ind1=" " ind2=" ">
   <subfield code="a">\\96905181</subfield>
  </datafield>
  <datafield tag="040" ind1=" " ind2=" ">
   <subfield code="a">LC</subfield>
   <subfield code="b">eng</subfield>
   <subfield code="c">LC</subfield>
   <subfield code="d">NSL:R</subfield>
   <subfield code="d">BD-DhAAL</subfield>
  </datafield>
  <datafield tag="082" ind1="0" ind2="0">
   <subfield code="a">305.42095492</subfield>
   <subfield code="2">21</subfield>
  </datafield>
  <datafield tag="245" ind1="1" ind2="0">
   <subfield code="a">Women in Bangladesh :</subfield>
   <subfield code="b">equality, development, and peace : national report to the Fourth World Conference on Women, Beijing, 1995.</subfield>
  </datafield>
  <datafield tag="260" ind1=" " ind2=" ">
   <subfield code="a">Dhaka :</subfield>
   <subfield code="b">Ministry of Women and Children Affairs, Govt. of the People's Republic of Bangladesh,</subfield>
   <subfield code="c">1995.</subfield>
  </datafield>
  <datafield tag="300" ind1=" " ind2=" ">
   <subfield code="a">vi, 65 p. :</subfield>
   <subfield code="b">map ;</subfield>
   <subfield code="c">28 cm.</subfield>
  </datafield>
  <datafield tag="541" ind1="1" ind2=" ">
   <subfield code="e">00006349</subfield>
  </datafield>
  <datafield tag="650" ind1=" " ind2="0">
   <subfield code="a">Women</subfield>
   <subfield code="z">Bangladesh</subfield>
   <subfield code="x">Social conditions.</subfield>
   <subfield code="9">31391</subfield>
  </datafield>
  <datafield tag="650" ind1=" " ind2="0">
   <subfield code="a">Women</subfield>
   <subfield code="z">Bangladesh</subfield>
   <subfield code="x">Economic conditions.</subfield>
   <subfield code="9">31392</subfield>
  </datafield>
  <datafield tag="700" ind1="1" ind2=" ">
   <subfield code="a">Bangladesh.</subfield>
   <subfield code="b">Ministry of Women and Children Affairs.</subfield>
   <subfield code="9">31393</subfield>
  </datafield>
  <datafield tag="711" ind1="2" ind2=" ">
   <subfield code="a">World Conference on Women</subfield>
   <subfield code="n">(4th :</subfield>
   <subfield code="d">1995 :</subfield>
   <subfield code="c">Beijing, China)</subfield>
   <subfield code="9">31394</subfield>
  </datafield>
  <datafield tag="852" ind1="4" ind2=" ">
   <subfield code="a">Ayesha Abed Library</subfield>
   <subfield code="j">General shelf</subfield>
  </datafield>
  <datafield tag="942" ind1=" " ind2=" ">
   <subfield code="2">ddc</subfield>
   <subfield code="c">BK</subfield>
  </datafield>
  <datafield tag="952" ind1=" " ind2=" ">
   <subfield code="0">0</subfield>
   <subfield code="1">0</subfield>
   <subfield code="2">ddc</subfield>
   <subfield code="4">0</subfield>
   <subfield code="6">305_420954920000000_WOM_1995</subfield>
   <subfield code="7">0</subfield>
   <subfield code="9">6603</subfield>
   <subfield code="a">BRACUL</subfield>
   <subfield code="b">BRACUL</subfield>
   <subfield code="c">GEN</subfield>
   <subfield code="d">2009-12-30</subfield>
   <subfield code="g">0.00</subfield>
   <subfield code="l">1</subfield>
   <subfield code="m">8</subfield>
   <subfield code="o">305.42095492 WOM</subfield>
   <subfield code="p">3010006349</subfield>
   <subfield code="r">2022-08-22</subfield>
   <subfield code="s">2022-06-29</subfield>
   <subfield code="t">1</subfield>
   <subfield code="w">2009-12-30</subfield>
   <subfield code="y">BK</subfield>
   <subfield code="x">No price found in the accession register.</subfield>
  </datafield>
 </record>
</collection>
